| 000 | 01064 a2200301 4500 | ||
|---|---|---|---|
| 005 | 20251210110837.0 | ||
| 008 | 251204b |||||||| |||| 00| 0 eng d | ||
| 041 | _aFr | ||
| 044 | _aCIV | ||
| 090 | _bDG/N/3097 | ||
| 100 | _aYAPI, M'gbesso Brou Cedric | ||
| 110 |
_aCentre National de Recherche Agronomique _bCt̥e d'Ivoire |
||
| 110 |
_bCote d'Ivoire _aCentre National de Recherche Agronomique |
||
| 245 |
_aAmelioration des processus de sauvegarde et de restauration des donnees _b: (rapport de stage; Brevet de Technicien Superieur (BTS) Option : reseau Informatique et Telecommunication (RIT) |
||
| 260 | _bCNRA | ||
| 260 | _c2025 | ||
| 302 | _a31 p. | ||
| 388 | _a2025-12-04 | ||
| 650 |
_2AGROVOC _gRapport de stage |
||
| 650 |
_gResau _2AGROVOC |
||
| 650 |
_gInformatique _2AGROVOC |
||
| 650 |
_gTelecommunication _2AGROVOC |
||
| 650 |
_gAmelioration _2AGROVOC |
||
| 650 |
_gSauvegarde _2AGROVOC |
||
| 650 |
_gRestauration _2AGROVOC |
||
| 650 |
_gDonnees _2AGROVOC |
||
| 856 | _uhttps://ftech.byethost7.com/wp-content/uploads/2025/12/DGN3097.pdf | ||
| 999 |
_c5993 _d5993 |
||